000 00473nam a2200181Ia 4500
001 11350
005 20260306162821.0
008 260306t1990||||xx |||||||||||||| ||spa||
041 _aESP
082 _a985.033
_bS79
100 _aStern, Steve J.
_eAUT
245 0 _aResistencia rebelión y conciencia campesina en los Andes:
_bsiglos XVIII al XX
260 _c1990
300 _a413 páginas :
_c24 cm.
650 _aGEN
654 _aCHU
942 _cLIB
_dJUS
_fJUS
_2ddc
_n
999 _c11350
_d11350